[Event "MNT-chT 1st League"]
[Site "Podgorica"]
[Date "2019.07.23"]
[Round "4.2"]
[White "Kosic, Dragan"]
[Black "Perosevic, Aleksandar"]
[Result "1-0"]
[WhiteElo "2482"]
[BlackElo "2110"]
[PlyCount "27"]
[EventDate "2019.07.20"]
[EventType "team-tourn"]
[EventRounds "9"]
[EventCountry "MNE"]
[SourceTitle "EXT 2020"]
[Source "ChessBase"]
[SourceDate "2019.10.17"]
[SourceVersion "1"]
[SourceVersionDate "2019.10.17"]
[SourceQuality "1"]
[WhiteTeam "Crnogorac"]
[BlackTeam "Niksic"]
[WhiteTeamCountry "MNE"]
[BlackTeamCountry "MNE"]

1. d4 c5 2. d5 Nf6 3. Nc3 e6 4. e4 exd5 5. e5 Ng8 6. Qxd5 Ne7 7. Qxc5 Nec6 8. Qe3 Nb4 9. Bd3 Qa5 10. Bd2 N8c6 11. Nf3 Bc5 12. Qe4 g6 13. 0-0 Nxd3 14. cxd3 1-0

[Event "MNT-chT 1st League"]
[Site "Podgorica"]
[Date "2018.09.29"]
[Round "5.1"]
[White "Andjic, Vladan"]
[Black "Perosevic, Aleksandar"]
[Result "1/2-1/2"]
[WhiteElo "1918"]
[BlackElo "2132"]
[PlyCount "57"]
[EventDate "2018.09.07"]
[EventType "team-tourn"]
[EventRounds "9"]
[EventCountry "MNE"]
[SourceTitle "CBM 187 Extra"]
[Source "ChessBase"]
[SourceDate "2018.11.04"]
[SourceVersion "1"]
[SourceVersionDate "2018.11.04"]
[SourceQuality "1"]
[WhiteTeam "Berane"]
[BlackTeam "Niksic"]
[WhiteTeamCountry "MNE"]
[BlackTeamCountry "MNE"]

1. e4 e5 2. Nf3 Nc6 3. Nc3 Nf6 4. d4 exd4 5. Nxd4 Bb4 6. Nxc6 bxc6 7. Bd3 d5 8. exd5 Nxd5 9. Qe2+ Be6 10. Bd2 0-0 11. 0-0 Nxc3 12. bxc3 Bd6 13. Qe4 g6 14. Qxc6 Bd5 15. Qa4 Re8 16. Rfe1 Re5 17. Rxe5 Bxe5 18. Re1 Qf6 19. c4 Bc6 20. Qa6 Bd4 21. Be3 Re8 22. Bf1 Be5 23. Rd1 h5 24. h3 Kh7 25. Qa5 Be4 26. Qd2 Bc6 27. Bd3 Bc3 28. Qe2 Qe5 29. Qf1 1/2-1/2

[Event "MNT-chT"]
[Site "Montenegro"]
[Date "2017.09.30"]
[Round "8.1"]
[White "Perosevic, Aleksandar"]
[Black "Tadic, Branko"]
[Result "0-1"]
[WhiteElo "2124"]
[BlackElo "2476"]
[PlyCount "74"]
[EventDate "2017.09.23"]
[EventType "team"]
[EventRounds "9"]
[EventCountry "MNE"]
[SourceTitle "EXT 2019"]
[Source "ChessBase"]
[SourceDate "2018.10.10"]
[SourceVersion "1"]
[SourceVersionDate "2018.10.10"]
[SourceQuality "1"]
[WhiteTeam "Niksic"]
[BlackTeam "Mladost"]
[WhiteTeamCountry "MNE"]
[BlackTeamCountry "MNE"]

1. e4 c5 2. Nf3 Nc6 3. d4 cxd4 4. Nxd4 e5 5. Nb5 d6 6. a4 Be7 7. N1c3 a6 8. Na3 Nf6 9. Nc4 Be6 10. Be3 0-0 11. Nb6 Rb8 12. Be2 Ne8 13. Nbd5 Bg5 14. Bb6 Qd7 15. h4 Bd8 16. Be3 Ba5 17. 0-0 Kh8 18. h5 f5 19. exf5 Bxf5 20. f4 Nc7 21. Nxc7 Bxc7 22. fxe5 Nxe5 23. h6 gxh6 24. Bd4 Qg7 25. Nd5 Be4 26. Ne3 Rxf1+ 27. Bxf1 Nf3+ 28. Qxf3 Qxd4 29. Qf4 Bb6 30. Re1 Re8 31. c3 Qe5 32. Qxe5+ Rxe5 33. a5 Rxa5 34. Kh2 Rh5+ 35. Kg3 Rg5+ 36. Kf4 d5 37. Nxd5 Bxd5 0-1

[Event "MNT-chT"]
[Site "Niksic"]
[Date "2016.08.11"]
[Round "6.5"]
[White "Markovic, Danko"]
[Black "Perosevic, Aleksandar"]
[Result "1/2-1/2"]
[WhiteElo "1872"]
[BlackElo "2150"]
[PlyCount "46"]
[EventDate "2016.08.06"]
[EventType "team-tourn"]
[EventRounds "9"]
[EventCountry "MNE"]
[SourceTitle "CBM 173 Extra"]
[Source "ChessBase"]
[SourceDate "2016.08.29"]
[SourceVersion "1"]
[SourceVersionDate "2016.08.29"]
[SourceQuality "1"]

1. e4 c5 2. Nf3 e6 3. d4 cxd4 4. Nxd4 Nf6 5. Nc3 d6 6. Bd3 Be7 7. 0-0 0-0 8. Bg5 Nc6 9. Nxc6 bxc6 10. Kh1 h6 11. Bh4 e5 12. Bg3 Bg4 13. Be2 Bxe2 14. Qxe2 Rb8 15. Rab1 Qc8 16. a3 g6 17. Qe3 Qa6 18. Rfd1 g5 19. h3 Kh7 20. Rd2 Nh5 21. Kh2 f5 22. exf5 Rxf5 23. Ne4 Rd8 1/2-1/2

[Event "MNT-chT1"]
[Site "Bar"]
[Date "2015.10.01"]
[Round "6"]
[White "Perosevic, Aleksandar"]
[Black "Kosic, Dragan"]
[Result "0-1"]
[WhiteElo "2159"]
[BlackElo "2468"]
[PlyCount "54"]
[EventDate "2015.09.26"]
[EventType "team-tourn"]
[EventRounds "9"]
[EventCountry "MNE"]
[SourceTitle "EXT 2017"]
[Source "ChessBase"]
[SourceDate "2016.10.25"]
[SourceVersion "1"]
[SourceVersionDate "2016.10.25"]
[SourceQuality "1"]

1. e4 e6 2. d4 d5 3. Nc3 Nf6 4. e5 Nfd7 5. f4 c5 6. Nf3 Nc6 7. Be3 Be7 8. Qd2 b6 9. Bb5 Bb7 10. 0-0 a6 11. Be2 0-0 12. Kh1 f5 13. exf6 Nxf6 14. Ne5 Nxd4 15. Bxd4 cxd4 16. Qxd4 Bc5 17. Qd3 d4 18. Nd1 Nd5 19. Qg3 Qc7 20. Bd3 Rf6 21. Nf2 Raf8 22. Nfg4 Rxf4 23. Rxf4 Nxf4 24. Re1 Bd6 25. Qh4 Bxg2+ 26. Kg1 Nxd3 27. cxd3 Bd5 0-1

[Event "MNT-chT1"]
[Site "Bar"]
[Date "2015.09.26"]
[Round "1"]
[White "Cetkovic, Miodrag"]
[Black "Perosevic, Aleksandar"]
[Result "1/2-1/2"]
[WhiteElo "2136"]
[BlackElo "2159"]
[PlyCount "96"]
[EventDate "2015.09.26"]
[EventType "team-tourn"]
[EventRounds "9"]
[EventCountry "MNE"]
[SourceTitle "EXT 2017"]
[Source "ChessBase"]
[SourceDate "2016.10.25"]
[SourceVersion "1"]
[SourceVersionDate "2016.10.25"]
[SourceQuality "1"]

1. e4 c5 2. Nc3 Nc6 3. f4 g6 4. Nf3 Bg7 5. Bc4 Nh6 6. f5 Na5 7. d3 Nxc4 8. dxc4 gxf5 9. Bxh6 Bxh6 10. exf5 d6 11. Qd3 Qd7 12. g4 Rg8 13. Rg1 Bg7 14. 0-0-0 b6 15. Nd5 Bb7 16. Rge1 Bxd5 17. Qxd5 Rd8 18. h4 h6 19. g5 Kf8 20. Kb1 b5 21. g6 Qe8 22. h5 bxc4 23. Qxc4 Bf6 24. Ne5 fxg6 25. Nxg6+ Kg7 26. Nxe7 Bxe7 27. f6+ Kxf6 28. Re6+ Kg7 29. Qg4+ Bg5 30. Rxe8 Rgxe8 31. Qf5 Rf8 32. Qg6+ Kh8 33. c4 Rf6 34. Qe4 Rf4 35. Qe6 Rf6 36. Qe4 a5 37. Qe1 a4 38. Qc3 Kg8 39. Qa5 Rf2 40. Qxa4 Bf6 41. b3 Kh8 42. Qc6 Be5 43. Qe4 Rg8 44. Qe3 Rgg2 45. Qxh6+ Kg8 46. Qe6+ Kh7 47. Qe7+ Kh8 48. Qe8+ Kh7 1/2-1/2

[Event "MNT-chT"]
[Site "Ulcinj"]
[Date "2014.09.24"]
[Round "5.4"]
[White "Raicevic, Momcilo"]
[Black "Perosevic, Aleksandar"]
[Result "1/2-1/2"]
[WhiteElo "2372"]
[BlackElo "2152"]
[PlyCount "92"]
[EventDate "2014.09.20"]
[EventType "team-tourn"]
[EventRounds "9"]
[EventCountry "MNE"]
[SourceTitle "CBM 162 Extra"]
[Source "ChessBase"]
[SourceDate "2014.10.17"]
[SourceVersion "1"]
[SourceVersionDate "2014.10.17"]
[SourceQuality "1"]
[WhiteTeam "Rudar"]
[BlackTeam "Niksic"]
[WhiteTeamCountry "MNE"]
[BlackTeamCountry "MNE"]

1. c4 Nf6 2. g3 g6 3. Bg2 Bg7 4. Nc3 0-0 5. Nf3 c5 6. 0-0 Nc6 7. d3 d5 8. cxd5 Nxd5 9. Bd2 Nc7 10. Qc1 e5 11. Bh6 Ne6 12. Bxg7 Kxg7 13. a3 Rb8 14. Nd2 Ncd4 15. e3 Nf5 16. Nce4 b6 17. Qc3 f6 18. b4 Ba6 19. Nc4 Qe7 20. Rfd1 Rbc8 21. Qb3 Rfd8 22. b5 Bb7 23. a4 Bxe4 24. Bxe4 Nd6 25. Bd5 Nc7 26. Bc6 Nxc4 27. Qxc4 a5 28. bxa6 Nxa6 29. Qxa6 Rxc6 30. a5 Rdd6 31. Qc4 bxa5 32. Rxa5 Rd7 33. Rb1 Qf7 34. Qb5 Rcd6 35. Ra3 Qd5 36. Rc1 Rc7 37. Rac3 Rdc6 38. h4 Qd6 39. Qc4 Rd7 40. h5 gxh5 41. Qe4 Qd5 42. Qf5 Qf7 43. Rxc5 Rcd6 44. d4 exd4 45. exd4 Rxd4 46. Qxh5 Qxh5 1/2-1/2

[Event "MNT-chT"]
[Site "Ulcinj"]
[Date "2014.09.20"]
[Round "1.3"]
[White "Perosevic, Aleksandar"]
[Black "Djukic, Nikola"]
[Result "1-0"]
[WhiteElo "2152"]
[BlackElo "2512"]
[PlyCount "79"]
[EventDate "2014.09.20"]
[EventType "team-tourn"]
[EventRounds "9"]
[EventCountry "MNE"]
[SourceTitle "CBM 162 Extra"]
[Source "ChessBase"]
[SourceDate "2014.10.17"]
[SourceVersion "1"]
[SourceVersionDate "2014.10.17"]
[SourceQuality "1"]
[WhiteTeam "Niksic"]
[BlackTeam "Buducnost"]
[WhiteTeamCountry "MNE"]
[BlackTeamCountry "MNE"]

1. e4 c5 2. Nf3 Nc6 3. d4 cxd4 4. Nxd4 Qc7 5. Nc3 e6 6. Be3 a6 7. Be2 Nf6 8. 0-0 Be7 9. Kh1 0-0 10. f4 d6 11. Qe1 Nxd4 12. Bxd4 b5 13. a3 Bb7 14. Qg3 Rad8 15. Bd3 Rfe8 16. Rae1 Rd7 17. e5 dxe5 18. Bxe5 Qd8 19. Ne4 Nh5 20. Qg4 g6 21. Ng3 Nxg3+ 22. hxg3 f5 23. Qe2 Bf6 24. Bxf6 Qxf6 25. Qe5 Kf7 26. Qxf6+ Kxf6 27. Re5 Rc8 28. Rfe1 Bd5 29. Kh2 g5 30. fxg5+ Kxg5 31. Kh3 Kf6 32. g4 fxg4+ 33. Kg3 Rdc7 34. Rh5 Rxc2 35. Rf1+ Kg7 36. Rg5+ Kh6 37. Kh4 Bf3 38. Bxc2 Rxc2 39. gxf3 Rh2+ 40. Kg3 1-0

[Event "MNT CupT"]
[Site "Niksic"]
[Date "2014.04.27"]
[Round "4.3"]
[White "Miljanic, Boro"]
[Black "Perosevic, Aleksandar"]
[Result "1-0"]
[WhiteElo "2380"]
[BlackElo "2172"]
[PlyCount "113"]
[EventDate "2014.04.06"]
[EventType "team-swiss"]
[EventRounds "5"]
[EventCountry "MNE"]
[SourceTitle "CBM 160 Extra"]
[Source "ChessBase"]
[SourceDate "2014.07.01"]
[SourceVersion "1"]
[SourceVersionDate "2014.07.01"]
[SourceQuality "1"]

1. e4 c5 2. Nf3 Nc6 3. Bb5 g6 4. 0-0 Bg7 5. c3 Nf6 6. Re1 0-0 7. h3 a6 8. Bxc6 bxc6 9. d3 Rb8 10. Nbd2 d6 11. e5 Nd7 12. exd6 exd6 13. Nc4 Nb6 14. Bg5 Bf6 15. Bf4 Nxc4 16. dxc4 Rxb2 17. Bxd6 Re8 18. Rxe8+ Qxe8 19. Bxc5 Bxc3 20. Bd4 Bxd4 21. Qxd4 Re2 22. Rd1 Bf5 23. Qf6 Re6 24. Qh4 f6 25. Qd4 Qe7 26. Qb6 c5 27. Qb8+ Kg7 28. Rd8 g5 29. Rg8+ Kh6 30. h4 Qd6 31. hxg5+ fxg5 32. Qxd6 Rxd6 33. Nxg5 Rd1+ 34. Kh2 Bg6 35. f4 Rd4 36. Kg3 Rxc4 37. Rc8 Rc3+ 38. Kh4 Rc2 39. g4 Rh2+ 40. Nh3 Kg7 41. Rxc5 Rxa2 42. f5 Bf7 43. Rc7 h6 44. Nf4 Rh2+ 45. Kg3 Ra2 46. Ne6+ Kf6 47. Nc5 a5 48. Ne4+ Ke5 49. Re7+ Kd4 50. Kf4 Bb3 51. Rd7+ Kc4 52. f6 Ra1 53. Ke5 Kb4 54. Rb7+ Ka3 55. Rxb3+ Kxb3 56. f7 Rf1 57. Nd2+ 1-0

[Event "MNT-chT"]
[Site "Cetinje"]
[Date "2013.06.29"]
[Round "6.4"]
[White "Pavlovic, Dejan S"]
[Black "Perosevic, Aleksandar"]
[Result "1/2-1/2"]
[WhiteElo "2398"]
[BlackElo "2183"]
[PlyCount "81"]
[EventDate "2013.06.24"]
[EventType "team-tourn"]
[EventRounds "9"]
[EventCountry "MNE"]
[SourceTitle "CBM 155 Extra"]
[Source "ChessBase"]
[SourceDate "2013.08.26"]
[SourceVersion "1"]
[SourceVersionDate "2013.08.26"]
[SourceQuality "1"]
[WhiteTeam "Bemax"]
[BlackTeam "Niksic"]
[WhiteTeamCountry "MNE"]
[BlackTeamCountry "MNE"]

1. d4 Nf6 2. Bg5 c5 3. d5 Qb6 4. Nc3 e5 5. e4 h6 6. Bxf6 gxf6 7. Qf3 d6 8. 0-0-0 Bd7 9. Qxf6 Rg8 10. h3 Be7 11. Qf3 Na6 12. Nge2 Qa5 13. Ng3 b5 14. Kb1 c4 15. Nf5 Bf8 16. Qe3 Rg6 17. f4 exf4 18. Qxf4 0-0-0 19. g4 b4 20. Ne2 c3 21. Ned4 Nc7 22. Nb3 Qb6 23. Qe3 Qxe3 24. Nxe3 Bg7 25. Nf5 Be5 26. Ne7+ Kb7 27. Nxg6 fxg6 28. bxc3 Bxc3 29. Bd3 Nb5 30. Rhf1 Na3+ 31. Kc1 h5 32. Rf7 Kb6 33. Be2 hxg4 34. hxg4 a5 35. Nd4 Ba4 36. Nb3 Rc8 37. Bd3 Be8 38. Re7 a4 39. Nd2 Bb5 40. Bxb5 Bf6 41. Bxa4 1/2-1/2

[Event "MNT-chT"]
[Site "Cetinje"]
[Date "2013.06.25"]
[Round "2.4"]
[White "Musovic, Armin"]
[Black "Perosevic, Aleksandar"]
[Result "1/2-1/2"]
[WhiteElo "2135"]
[BlackElo "2183"]
[PlyCount "59"]
[EventDate "2013.06.24"]
[EventType "team-tourn"]
[EventRounds "9"]
[EventCountry "MNE"]
[SourceTitle "CBM 155 Extra"]
[Source "ChessBase"]
[SourceDate "2013.08.26"]
[SourceVersion "1"]
[SourceVersionDate "2013.08.26"]
[SourceQuality "1"]
[WhiteTeam "Ljubomir Djurdjic"]
[BlackTeam "Niksic"]
[WhiteTeamCountry "MNE"]
[BlackTeamCountry "MNE"]

1. e4 c5 2. c3 d5 3. exd5 Qxd5 4. d4 e5 5. Nf3 cxd4 6. cxd4 exd4 7. Qxd4 Qxd4 8. Nxd4 Bb4+ 9. Bd2 Bxd2+ 10. Nxd2 Nf6 11. Nb5 Na6 12. Nd6+ Ke7 13. N2c4 Nb4 14. 0-0-0 Nxa2+ 15. Kb1 Nb4 16. Be2 Be6 17. Rhe1 Rhd8 18. Bf3 Kf8 19. Bxb7 Rab8 20. Bf3 Nfd5 21. Be4 Nb6 22. Nxb6 Rxb6 23. Nb7 Rxd1+ 24. Rxd1 f5 25. Bf3 Bb3 26. Rd6 Rb5 27. Rd8+ Ke7 28. Re8+ Kd7 29. Rd8+ Ke7 30. Re8+ 1/2-1/2

[Event "MNT-chT"]
[Site "Cetinje"]
[Date "2012.08.10"]
[Round "8"]
[White "Perosevic, Aleksandar"]
[Black "Draganic, Veljko"]
[Result "0-1"]
[WhiteElo "2200"]
[BlackElo "2237"]
[PlyCount "70"]
[EventDate "2012.08.03"]
[EventType "team-tourn"]
[EventRounds "9"]
[EventCountry "MNE"]
[SourceTitle "CBM 149 Extra"]
[Source "ChessBase"]
[SourceDate "2012.08.24"]
[SourceVersion "1"]
[SourceVersionDate "2012.08.24"]
[SourceQuality "1"]

1. e4 e6 2. d4 d5 3. Nc3 Nf6 4. e5 Nfd7 5. f4 c5 6. Nf3 Nc6 7. Be3 Be7 8. Qd2 0-0 9. 0-0-0 c4 10. f5 b5 11. fxe6 fxe6 12. Nxb5 Rb8 13. Nd6 Bxd6 14. exd6 Nb4 15. Kb1 Nf6 16. a3 Nc6 17. Qe1 Qxd6 18. Ka2 Rf7 19. Bc1 Rfb7 20. Ne5 Rb5 21. g4 Nxe5 22. dxe5 Qb6 23. Qc3 Ne4 24. Qd4 Nf2 25. Qxb6 R5xb6 26. Be2 Nxh1 27. Rxh1 Bd7 28. Rg1 Be8 29. Rg3 Bg6 30. Rc3 a5 31. b3 Bxc2 32. bxc4 Bb3+ 33. Ka1 Bxc4 34. Bxc4 dxc4 35. Rxc4 Rb5 0-1

[Event "MNT CupT"]
[Site "Cetinje"]
[Date "2012.05.28"]
[Round "4"]
[White "Perosevic, Aleksandar"]
[Black "Miljanic, Boro"]
[Result "1/2-1/2"]
[WhiteElo "2182"]
[BlackElo "2407"]
[PlyCount "83"]
[EventDate "2012.05.25"]
[EventType "team-swiss"]
[EventRounds "5"]
[EventCountry "MNE"]
[SourceTitle "CBM 148 Extra"]
[Source "ChessBase"]
[SourceDate "2012.06.22"]
[SourceVersion "1"]
[SourceVersionDate "2012.06.22"]
[SourceQuality "1"]

1. e4 e6 2. d4 d5 3. Nc3 Nf6 4. e5 Nfd7 5. f4 c5 6. Nf3 Nc6 7. Be3 a6 8. Qd2 cxd4 9. Nxd4 Bc5 10. 0-0-0 0-0 11. Kb1 Bxd4 12. Bxd4 b5 13. g4 b4 14. Ne2 a5 15. Ng3 Nxd4 16. Qxd4 Ba6 17. f5 Qc7 18. Bxa6 Rxa6 19. Rde1 Rc8 20. Re2 Rc6 21. Rc1 Rc4 22. Qe3 Qc5 23. fxe6 fxe6 24. Qg5 h6 25. Qh5 Qd4 26. g5 Qh4 27. gxh6 Qxh5 28. Nxh5 gxh6 29. Rg1+ Kh8 30. Reg2 Rh4 31. Ng7 Nc5 32. Rg6 Rg8 33. Nxe6 Rxg6 34. Rxg6 Rxh2 35. a3 b3 36. cxb3 Nxb3 37. a4 Nd2+ 38. Kc1 Nc4 39. Nf4 Nxe5 40. Rd6 Rf2 41. Rxh6+ Kg7 42. Rh5 1/2-1/2

[Event "MNT CupT"]
[Site "Cetinje"]
[Date "2012.05.27"]
[Round "3"]
[White "Perosevic, Aleksandar"]
[Black "Kalezic, Blazo"]
[Result "1/2-1/2"]
[WhiteElo "2182"]
[BlackElo "2448"]
[PlyCount "24"]
[EventDate "2012.05.25"]
[EventType "team-swiss"]
[EventRounds "5"]
[EventCountry "MNE"]
[SourceTitle "CBM 148 Extra"]
[Source "ChessBase"]
[SourceDate "2012.06.22"]
[SourceVersion "1"]
[SourceVersionDate "2012.06.22"]
[SourceQuality "1"]

1. e4 e6 2. d4 d5 3. Nc3 a6 4. exd5 exd5 5. Qf3 Be6 6. Bd3 Nc6 7. Nge2 Qd7 8. h3 0-0-0 9. a3 Nge7 10. Be3 Nf5 11. g4 Nxe3 12. fxe3 g6 1/2-1/2

[Event "MNT CupT"]
[Site "Cetinje"]
[Date "2012.05.26"]
[Round "2"]
[White "Perosevic, Aleksandar"]
[Black "Borozan, Nikola"]
[Result "1-0"]
[WhiteElo "2182"]
[BlackElo "2076"]
[PlyCount "77"]
[EventDate "2012.05.25"]
[EventType "team-swiss"]
[EventRounds "5"]
[EventCountry "MNE"]
[SourceTitle "CBM 148 Extra"]
[Source "ChessBase"]
[SourceDate "2012.06.22"]
[SourceVersion "1"]
[SourceVersionDate "2012.06.22"]
[SourceQuality "1"]

1. e4 e5 2. Nf3 Nc6 3. Bb5 f5 4. d4 fxe4 5. Nxe5 Nxe5 6. dxe5 c6 7. Be2 Qa5+ 8. Bd2 Qxe5 9. Bh5+ Kd8 10. Bc3 Qg5 11. 0-0 Nf6 12. Bxf6+ gxf6 13. Nc3 f5 14. f4 Qg7 15. Qd2 Kc7 16. Na4 Rg8 17. g3 d5 18. b4 a6 19. Rfd1 Qh6 20. Be2 Bg7 21. c3 Bf6 22. Qe3 Qg7 23. Rac1 Qf7 24. Nb6 Be6 25. Nxa8+ Rxa8 26. a4 h5 27. b5 axb5 28. axb5 b6 29. Ra1 Qg8 30. bxc6 Be7 31. Kg2 Bc5 32. Qc1 h4 33. Qb2 Be3 34. Rxa8 Qxa8 35. Bb5 h3+ 36. Kxh3 Bf7 37. Ra1 Qb8 38. c4 d4 39. Qa3 1-0

[Event "MNT CupT"]
[Site "Tivat"]
[Date "2011.04.28"]
[Round "1"]
[White "Perosevic, Aleksandar"]
[Black "Djukic, Nikola"]
[Result "0-1"]
[WhiteElo "2179"]
[BlackElo "2494"]
[PlyCount "52"]
[EventDate "2011.04.28"]
[EventType "team-tourn"]
[EventRounds "5"]
[EventCountry "MNE"]
[SourceTitle "CBM 142 Extra"]
[Source "ChessBase"]
[SourceDate "2011.06.27"]
[SourceVersion "1"]
[SourceVersionDate "2011.06.27"]
[SourceQuality "1"]

1. e4 c5 2. Nf3 Nc6 3. d4 cxd4 4. Nxd4 Qc7 5. Nc3 e6 6. g3 a6 7. Bg2 Nf6 8. 0-0 Bc5 9. Nb3 Ba7 10. Bf4 Ne5 11. Nd4 d6 12. a4 Bd7 13. h3 Rc8 14. Nce2 h6 15. c3 0-0 16. b3 Ng6 17. Be3 d5 18. exd5 Nxd5 19. Bd2 Nde7 20. Qc1 e5 21. Nc2 Bc6 22. Ne3 f5 23. Nc4 f4 24. gxf4 exf4 25. Bxc6 Qxc6 26. Kh2 Nh4 0-1

[Event "MNT-chT"]
[Site "Cetinje"]
[Date "2010.10.10"]
[Round "9"]
[White "Pecurica, Milos"]
[Black "Perosevic, Aleksandar"]
[Result "1-0"]
[WhiteElo "2042"]
[BlackElo "2196"]
[PlyCount "67"]
[EventDate "2010.08.27"]
[EventType "team-tourn"]
[EventRounds "9"]
[EventCountry "MNE"]
[SourceTitle "CBM 138 Extra"]
[Source "ChessBase"]
[SourceDate "2010.10.29"]
[SourceVersion "1"]
[SourceVersionDate "2010.10.29"]
[SourceQuality "1"]

1. d4 Nf6 2. c4 g6 3. Nc3 Bg7 4. e4 d6 5. Nf3 0-0 6. Be2 e5 7. 0-0 Nc6 8. d5 Ne7 9. b4 a5 10. Ba3 axb4 11. Bxb4 Nh5 12. g3 Bg4 13. c5 Bh6 14. cxd6 cxd6 15. Nd2 Bxe2 16. Qxe2 Nc8 17. Nc4 f5 18. exf5 Rxf5 19. Ne4 Ra6 20. Ne3 Rf7 21. Rac1 Ne7 22. a3 Bf8 23. Ng5 Rf6 24. Ne6 Rxe6 25. dxe6 Nc6 26. Qf3 Nf6 27. Nd5 Nxd5 28. Qxd5 Qe7 29. f4 Nd8 30. fxe5 Qxe6 31. Qxe6+ Nxe6 32. Rc8 Kg7 33. Re8 dxe5 34. Bxf8+ 1-0

[Event "MNT-chT"]
[Site "Cetinje"]
[Date "2010.09.11"]
[Round "5"]
[White "Mitrovic, Miroslav"]
[Black "Perosevic, Aleksandar"]
[Result "1/2-1/2"]
[WhiteElo "2114"]
[BlackElo "2196"]
[PlyCount "75"]
[EventDate "2010.08.27"]
[EventType "team-tourn"]
[EventRounds "9"]
[EventCountry "MNE"]
[SourceTitle "CBM 138 Extra"]
[Source "ChessBase"]
[SourceDate "2010.10.29"]
[SourceVersion "1"]
[SourceVersionDate "2010.10.29"]
[SourceQuality "1"]

1. e4 c5 2. c3 d5 3. exd5 Qxd5 4. Nf3 Nc6 5. Na3 Bg4 6. Be2 e5 7. 0-0 e4 8. Ne1 Bxe2 9. Qxe2 0-0-0 10. Qc4 f5 11. Qxd5 Rxd5 12. Nc4 g6 13. a4 Nf6 14. f3 Bg7 15. fxe4 fxe4 16. Nc2 Ne5 17. Nxe5 Rxe5 18. Ne3 Rd8 19. b3 Nd5 20. Nc4 Re6 21. Ba3 Nb6 22. Bxc5 Nxc4 23. bxc4 Rxd2 24. Bxa7 Bxc3 25. Rf8+ Kd7 26. Rb1 b6 27. a5 Bxa5 28. c5 e3 29. Bxb6 e2 30. Re1 Bc3 31. c6+ Kxc6 32. Rc8+ Kxb6 33. Rxc3 Rd5 34. Kf2 Rf5+ 35. Rf3 Rxf3+ 36. Kxf3 Kc5 37. Rxe2 Rxe2 38. Kxe2 1/2-1/2

[Event "MNT-chT"]
[Site "Cetinje"]
[Date "2010.08.27"]
[Round "1"]
[White "Perosevic, Aleksandar"]
[Black "Vujacic, Igor"]
[Result "1-0"]
[WhiteElo "2196"]
[BlackElo "2204"]
[PlyCount "139"]
[EventDate "2010.08.27"]
[EventType "team-tourn"]
[EventRounds "9"]
[EventCountry "MNE"]
[SourceTitle "CBM 138 Extra"]
[Source "ChessBase"]
[SourceDate "2010.10.29"]
[SourceVersion "1"]
[SourceVersionDate "2010.10.29"]
[SourceQuality "1"]

1. e4 c5 2. Nf3 Nc6 3. d4 cxd4 4. Nxd4 Nf6 5. Nc3 d6 6. Bc4 e6 7. Be3 Be7 8. Qe2 a6 9. Bb3 Qc7 10. 0-0-0 0-0 11. g4 Nxd4 12. Rxd4 Nd7 13. g5 Nc5 14. Kb1 b5 15. Rg1 Bb7 16. Qg4 Rac8 17. h4 Nxb3 18. axb3 b4 19. Rxb4 d5 20. Ra4 dxe4 21. Rc4 Qe5 22. Ra4 Bc5 23. Nxe4 Bxe3 24. fxe3 Bc6 25. Rc4 Bd5 26. Nf6+ Kh8 27. Nxd5 Qxd5 28. Rd1 Qe5 29. Qd4 Qxd4 30. Rcxd4 h6 31. Rf4 hxg5 32. hxg5 Kh7 33. Ra4 Rc6 34. Rd7 Kg6 35. Ra7 Rfc8 36. c3 Rb6 37. Kc2 Rcc6 38. Rf4 f5 39. gxf6 gxf6 40. e4 f5 41. Ra8 Rc5 42. exf5+ exf5 43. Ra4 Rcc6 44. Rg8+ Kf7 45. Rg2 Rc5 46. b4 Rcb5 47. Rf2 Kf6 48. Rf1 Re6 49. Rfa1 Rbb6 50. Ra5 f4 51. Rf1 Re2+ 52. Kd3 Rxb2 53. Rxf4+ Ke6 54. Rh4 Rd6+ 55. Kc4 Rbd2 56. Rh7 Rc6+ 57. Rc5 Rcd6 58. Ra7 Rb6 59. Ra5 Rc6+ 60. Rc5 Rb6 61. Kb3 Rd1 62. Ra5 Rdd6 63. c4 Rbc6 64. c5 Rd3+ 65. Kc4 Rdd6 66. Kb3 Rd3+ 67. Ka4 Kd5 68. R5xa6 Kc4 69. Rxc6 Rd1 70. Ka5 1-0